|
|
|
|
| LEADER |
00000nas a2200000 a 4500 |
| 001 |
ssj0008381 |
| 003 |
WaSeSS |
| 005 |
20200512172242.0 |
| 006 |
m d |
| 007 |
cr n |
| 008 |
011205c19719999enkqr pss 0 a0eng c |
| 010 |
|
|
|a 2001227384
|z 00227329
|
| 015 |
|
|
|a GBB400889
|2 bnb
|
| 016 |
7 |
|
|a 1466320-x
|2 DE-600
|
| 016 |
7 |
|
|a 011458438
|2 Uk
|
| 022 |
|
|
|a 1469-2112
|l 0007-1234
|y 0007-1234
|
| 035 |
|
|
|a (WaSeSS)ssj0008381
|
| 040 |
|
|
|a EYM
|b eng
|c EYM
|d OCLCQ
|d GUA
|d OCLCQ
|d WEA
|d OCLCQ
|d OCLCF
|d OCLCO
|d OCLCQ
|d DEBBG
|d DEFHM
|d OCLCO
|d CUD
|d REDDC
|d RCE
|d NLE
|d UKMGB
|d OCLCA
|d NJT
|d CEF
|d WaSeSS
|
| 042 |
|
|
|a pcc
|
| 050 |
1 |
4 |
|a JA8
|
| 130 |
0 |
|
|a British journal of political science (Online)
|
| 210 |
0 |
|
|a Br. j. polit. sci.
|b (Online)
|
| 222 |
|
0 |
|a British journal of political science
|b (Online)
|
| 245 |
1 |
0 |
|a British journal of political science
|h [electronic resource].
|
| 260 |
|
|
|a London :
|b Cambridge University Press,
|c 1971-
|
| 310 |
|
|
|a Quarterly
|
| 362 |
0 |
|
|a Vol. 1, pt. 1 (Jan. 1971)-
|
| 500 |
|
|
|a Title from title screen (viewed Dec. 5, 2001).
|
| 500 |
|
|
|a Published: Cambridge, England, 1976-
|
| 506 |
|
|
|a License restrictions may limit access.
|
| 538 |
|
|
|a Mode of access: World Wide Web.
|
| 588 |
|
|
|a Latest issue consulted: Vol. 30, pt. 4 (Oct. 2000) (surrogate).
|
| 650 |
|
0 |
|a Political science
|v Periodicals.
|
| 650 |
|
7 |
|a Political science.
|2 fast
|0 (OCoLC)fst01069781
|
| 650 |
|
7 |
|a Politik
|2 gnd
|
| 655 |
|
0 |
|a Electronic journals.
|
| 776 |
1 |
|
|t British journal of political science
|x 0007-1234
|w (DLC) 70022767
|w (OCoLC)1180372
|
| 856 |
4 |
0 |
|z Full text available from Research Library: 01/01/2001 to 1 year ago
|u https://search.proquest.com/publication/48551
|